| 000 | 00978nam a2200277 i 4500 | ||
|---|---|---|---|
| 003 | DO-SdBNP | ||
| 005 | 20250429110432.0 | ||
| 007 | ta | ||
| 008 | 231121e1992 dr abco| |||| 00| 0 spa d | ||
| 040 |
_aDO-SdBNP _bspa _cBNPHU _erda |
||
| 082 | 4 |
_a909.09 _bJ62h _222 |
|
| 100 | 1 |
_aJoaquín, Lidia, _eautor _4aut. _910502 |
|
| 245 | 1 | 0 |
_aHistoria universal: _bel hombre y su huella / _cLidia Joaquín, Eleanor Grimaldi ; corrector, Santiago Cabanes |
| 250 | _aPrimera edición | ||
| 264 | 2 |
_aSanto Domingo : _bEditora Susaeta, _c1992 |
|
| 300 |
_a242 páginas : _bIlustraciones, mapas, fotografías, retratos ; _c25 cm. |
||
| 336 |
_atexto _btxt _2rdacontent |
||
| 337 |
_asin mediación _bn _2rdamedia |
||
| 338 |
_avolumen _bnc _2rdacarrier |
||
| 500 | _a2do. de bachillerato. | ||
| 590 | _aInventariado 2023 / MF | ||
| 650 | 0 |
_aHistoria universal _9933 |
|
| 700 | 1 |
_aGrimaldi, Eleanor, _d1948- _985713 |
|
| 700 | 1 |
_aCabanes, Santiago, _ecorrector _4corr. _919991 |
|
| 942 |
_2ddc _cLBS1 |
||
| 999 |
_c55540 _d55540 |
||